SOIL AND TILLAGE RESEARCH (Record no. 10221)

MARC details
000 -LEADER
fixed length control field 00381nam a2200133Ia 4500
022 ## - INTERNATIONAL STANDARD SERIAL NUMBER
ISSN 0167-1987
245 #0 - TITLE STATEMENT
Title SOIL AND TILLAGE RESEARCH
260 ## - PUBLICATION, DISTRIBUTION, ETC. (IMPRINT)
Name of publisher Elsevier Science Publishers, Amsterdam, The Netherlands
310 ## - CURRENT PUBLICATION FREQUENCY
Current publication frequency SQ
500 ## - GENERAL NOTE
General note Ending Volume & Year: 10, 1987
500 ## - GENERAL NOTE
General note Starting Volume & Year: 1, 1980
942 ## - ADDED ENTRY ELEMENTS (KOHA)
Koha item type Bound Journal
Holdings
Withdrawn status Lost status Damaged status Not for loan Home library Current library Date acquired Accession Number Koha item type
      Bound journals RRII Library RRII Library 31/12/2021 10157J Bound Journal